Quizzes
Events
Quiz Creation
Community
Videos
Private Events
Remove Ads
Sign In
Join for FREE
Feedback
Dark Mode
Quiz Categories
Sports
Geography
Music
Movies
Television
Just For Fun
Miscellaneous
History
Literature
Language
Science
Gaming
Entertainment
Religion
Holiday
For Kids
Quiz Lab
Recent
Popular Today
Quiz Kudos Today
Editor Picks
Curator Picks
Quizzes by...
Day
Popularity
Type
Ratings
Length
Year
Community
Subscriptions
Recent Discussions
Orange Saloon
Badges
Playlists
Quests
Create
Leaderboards
Showdown
Live 5
Trivia Bingo
Activity
Puzzle Library
Sporcle Events
Private Events
Virtual Trivia
Globe League
Become a Host
Pub Owners
SporcleCon
Opinionation
Our Games
Videos
Blog
Mobile Apps
Partnerships
Remove Ads and Go Orange
Feedback
Geography
Country
Landmarks
City
State
Population
World
Capital
Continent
Flags
Europe
Africa
Asia
South America
North America
Oceania
Border
Canada
United Kingdom
Topography
United States
Geography
Country
Landmarks
City
State
Population
World
Capital
Continent
Flags
Europe
Africa
Asia
South America
North America
Oceania
Border
Canada
United Kingdom
Topography
United States
Random Quiz
Search Sporcle
×
Editor Pick
Editor Pick
Geography
Population
Type in answers that appear in a list
Type in answers that appear in a list
Classic
Best Score? Go Orange.
World Cities by first 3 letters Stats
Can you name the largest metro areas in the world beginning with the following 3 letter combinations?
By
Onno
9m
36 Questions
6,945 Plays
6,945 Plays
6,945 Plays
Comments
Comments
Give Quiz Kudos
Give Quiz Kudos
-
- Ratings
hide this ad
More Info
Replay
Link that replays current quiz
Next Quiz
Link to next quiz in quiz playlist
You Got
0%
They Got
Avg Score
35%
Avg Friend Score
Upgrade to see
Score Distribution
Jump to the score distribution portion of the page
Score
0/36
Timer
09:00
0
Plays Today
% Correct
San Francisco
75.5%
Guatemala City
67%
Manchester
62.3%
Barcelona
61.7%
Bangkok
61.1%
Manila
57.7%
Kansas City
55.2%
Santiago de Chile
54.8%
Harare
50.8%
Montreal
50%
Guangzhou
47.5%
Portland
46.1%
Medellín
44%
Belgrade
41.1%
Bangalore
40.9%
Port-au-Prince
36.3%
Santo Domingo
34.2%
Medina
32.1%
% Correct
Guadalajara
30.9%
Cologne
29.2%
Columbus
29.2%
Montevideo
28.6%
Harbin
27.6%
Colombo
27.2%
Belo Horizonte
26.8%
Porto Alegre
24.1%
Hartford
22.7%
Monterrey
18.8%
Kano
16.3%
Bandung
14.5%
Barranquilla
14.3%
Medan
14.2%
Manaus
14%
Kanpur
14%
Belém
12.9%
Barquisimeto
4.6%
Quiz Playlist
Details
Report
Send in Message
Add To Playlist
More Info:
Numbers obtained 2015-02-01
Classic:
Type in answers that appear in a list
Quiz Source
Last Updated: May 15, 2017
Editor Pick in
Geography
Curator Pick in
Population
Quiz Scoreboard
CHALLENGE
Sign Up to Join the Scoreboard
Show All
Scores
Hide
Comments
May contain spoilers
Recently Published
Presidents Visiting Landmarks
by Hejman
History
7m
An Introduction to Baseball
by treessimontrees
Sports
5m
Movies - When Are They Set?
by FPL_Elf
Movies
5m
More to Explore
Quiz From the Vault
Featured Blog Post
Where Did the Easter Bunny Come From?
hide this ad
You Might Also Like...
Tags
City Quiz
Letter Quiz
Population Quiz
World Quiz
area
Begins With
combination
largest
metro
Today's Top Quizzes in Geography
Browse Geography
hide this ad
Today's Top Quizzes in Population
Browse Population
Top Contributed Quizzes in Geography
1
Countries of the World - No Outlines Minefield
2
Top 25 Cities of France on a map
3
Any capital of a 'B' country per Continent
4
Closest Countries to UK A-Z
5
Any capital of a 'C' country per Continent
6
One Thing in Common: United Kingdom
7
Any capital of a 'D' country per Continent
8
Find the Provinces of Canada - No Outlines Minefield
9
5-to-1: US Geography No Hints
10
Any capital of an 'E' country per Continent
Explore More
Trending Topics
Marvel
Harry Potter
Disney
Crossword
Kpop
NBA
Anime
WWE
Soccer
Puzzle
Pokémon
NFL
The Office
Country
Song
hide this ad
More By:
Onno
Quiz
Plays
Rating
Category
Featured
Created
Relatively Small US Capitals
241,489
4.72
Geography
May 15, 2010
Common Words in US Cities
173,925
4.75
Geography
Aug 20, 2011
US Cities Ending In...
173,657
4.55
Geography
Dec 19, 2009
Capital Trip
169,957
4.22
Geography
Feb 3, 2010
Country by Population Range
169,296
4.58
Geography
Oct 15, 2010
Go to Creator's Profile
Score Distribution
Quiz Creator Spotlight
Onno
Follow
Send a Message
Quizzes Created
-
Created Quiz Play Count
-
More By This Creator
Popular Quizzes Today
1
Find the US States - No Outlines Minefield
2
Find the Countries of Europe - No Outlines Minefield
3
The Countries of the World
4
Find the US States
5
Popular People in 1961
6
US States
7
Risky Map Clicking: Biggest States A-Z
8
1-10 Letter E Words III
More Geography Quizzes
World Cities: Estonia
Quiz Lab
Trending Quizzes
Risky Map Clicking: Least Populous States A-Z
1-10 Letter G Words
1-10 Letter F Words
One Thing in Common: United Kingdom
Risky Map Clicking: Next State Alphabetically
Recently Updated
Leaping Animals
pecheneg
Reality TV Shows (A-Z)
bhenderson79
Rickey Henderson's Hall of Fame Teammates
pecheneg
Champions League XIs: Arsenal
pecheneg
Quick Pick: Celebrities in WWE's Hall of Fame
aduchscher
A-Z Keypad Blitz II
pecheneg
Multiple Oscar Actors
pecheneg
Mystery Phrase Blitz: Oscar 'Best Actors'
pecheneg
F. Scott Fitzgerald Novels
LTH
Pick 3 Villains
ddd62291
Trending Topics
Crossword
Anime
Harry Potter
Marvel
Disney
Kpop
NBA
Pokémon
Country
Puzzle
NFL
Soccer
WWE
The Office
Song
Your Account Isn't Verified!
In order to create a playlist on Sporcle, you need to verify the email address you used during registration. Go to your
Sporcle Settings
to finish the process.
Report this User
Report this user for behavior that violates our
Community Guidelines
.
Details:
Send Report
Go to the Sporcle.com Mobile Site →
Comments